000 00797nam a2200229 a 4500
001 000031533
005 20240412074255.0
008 110627s1995 dr 001 p spa d
040 _aDO-SdBNP
_bspa
_cBNPHU
082 _aRD861.44
_bP438t
100 1 _aPérez de Soba, Arturo
_910958
245 1 0 _aTres tiempos y una sola verdad /
_cArturo Pérez de Soba, S.J.
260 _aSanto Domingo :
_b[s. n.],
_c1995.
300 _a83 p. ;
_c22 cm.
505 0 _t¿Quién es ese hombre? --
_tSer todo en todos --
_tUn Cristo siempre presente.
590 _aInventariado, 2018/LP
650 0 _aPoesía dominicana
_966
650 0 _aLiteratura dominicana.
_967
650 4 _aPoesía religiosa dominicana
_924595
650 4 _aReligión en la literatura
_91109
910 _aValidado. Control de calidad EMS
999 _c31025
_d31025